Arthur C. Clarke Novels Quiz Stats

 Plays Quiz Updated Jan 4, 2014

Support Sporcle.
Go Orange.
Score 0/21 Timer 06:00
0 Plays Today
Year Title % Correct
19682001: A Space Odyssey
90.7%
19822010: Odyssey Two
70.5%
1953Childhood's End
51.3%
1972Rendezvous with Rama
49.4%
19973001: The Final Odyssey
47.6%
19872061: Odyssey Three
43%
1979The Fountains of Paradise
30.5%
1951The Sands of Mars
25.7%
1956The City and the Stars
25.6%
1986The Songs of Distant Earth
25.4%
1955Earthlight
25.4%
Year Title % Correct
1961A Fall of Moondust
25.2%
1975Imperial Earth
25%
1948Against the Fall of Night
25%
1993The Hammer of God
23.3%
1951Prelude to Space
22.3%
1957The Deep Range
21.9%
1963Dolphin Island
21.9%
1963Glide Path
21.8%
1952Islands in the Sky
20.3%
1990The Ghost from the Grand Banks
19.1%

You're not logged in!

Compare scores with friends on all Sporcle quizzes.
OR
Log In
Forgot?

From the Vault

Alphabet Explosion!

by slipkid

It's just the alphabet, right?
Remove Ads.
Support Sporcle.
Get the best of Sporcle when you Go Orange. This ad-free experience offers more features, more stats, and more fun while also helping to support Sporcle. Thank you for becoming a member.

Show Comments

Extras

Top Quizzes Today


Score Distribution

Your Account Isn't Verified!

In order to create a playlist on Sporcle, you need to verify the email address you used during registration. Go to your Sporcle Settings to finish the process.

Report this User

Report this user for behavior that violates our Community Guidelines.

Details: